Commentary on MARPOL consolidated edition 2020 upto MEPC.305(73) (Record no. 12007)
[ view plain ]
| 000 -LEADER | |
|---|---|
| fixed length control field | 00519nam a22001457a 4500 |
| 008 - FIXED-LENGTH DATA ELEMENTS--GENERAL INFORMATION | |
| fixed length control field | 211112b 2020 ||||| |||| 00| 0 eng d |
| 110 ## - MAIN ENTRY--CORPORATE NAME | |
| Corporate name or jurisdiction name as entry element | Bhandarkar Publication |
| 245 ## - TITLE STATEMENT | |
| Title | Commentary on MARPOL consolidated edition 2020 upto MEPC.305(73) |
| 260 ## - PUBLICATION, DISTRIBUTION, ETC. (IMPRINT) | |
| Place of publication, distribution, etc | Mumbai |
| Name of publisher, distributor, etc | Bhandarkar Publication |
| Date of publication, distribution, etc | 2020 |
| 300 ## - PHYSICAL DESCRIPTION | |
| Extent | 124+174pgs |
| 650 ## - SUBJECT ADDED ENTRY--TOPICAL TERM | |
| Topical term or geographic name as entry element | Requirements for machinery spaces of all ships |
| 650 ## - SUBJECT ADDED ENTRY--TOPICAL TERM | |
| Topical term or geographic name as entry element | Control of operational discharge of oil |
| 650 ## - SUBJECT ADDED ENTRY--TOPICAL TERM | |
| Topical term or geographic name as entry element | Special requirements for fixed or floating platforms |
| 942 ## - ADDED ENTRY ELEMENTS (KOHA) | |
| Item type | Books |
No items available.


